000 00858nam a2200169 a 4500
008 120416s1980 ||||||||||||||||| || u
050 _aGOV.ZAM(05)MDS/1980/1-3
110 _aGovernment of the Republic of Zambia. Central Statistical Office
245 1 0 _aMonthly digest of statistics
_cBy Central Statistical Office (C.S.O)
260 _aLusaka:
_bCentral Statistical Office (CSO)-Zambia
_c1980
300 _aiii, 60p.: ill.
350 _a0.00
362 1 _a<p>January-March, April-September</p>
650 _aSTATISTICS--ZAMBIA
995 _aSPECIAL COLLECTIONS
_D0.00
_e03003592
_FCBU-MAIN LIBRARY (Kitwe)
_H1
_I0.00
_jGOV.ZAM(05)MDS/1980/4-9
_M2
_UAVAILABLE
_WFeb 13, 2009
_y03003592
_ZZambiana Collection
995 _aSPECIAL COLLECTIONS
_e03003593
_FCBU-MAIN LIBRARY (Kitwe)
_I0.00
_jGOV.ZAM(05)MDS/1980/1-3
_M1
_UAVAILABLE
_WMar 5, 2015
_y03003593
_ZZambiana Collection
999 _c78644
_d78644